000 00498nam a22001697a 4500
005 20240220121254.0
010 _aENG-139371
020 _c791.00
_a9789390746804
035 _aEN-122903
037 _bDBAD/PUB
100 _aWangulu Khayongo,Simon
_962289
245 _aThe Princeless Prince/
_c Simon Wangulu Khayongo
260 _aBelgharia
_bExceller Books
_c2021
270 _aG1,Dream Apartment,Degree College Road
_bKolkata
_e700056
300 _a75p.
_c22cm(pb)
942 _2ddc
_cEN
_mKHA
_hS
999 _c200920
_d200920